<?xml version="1.0" encoding="UTF-8"?>
<record
    xmlns:xsi="http://www.w3.org/2001/XMLSchema-instance"
    xsi:schemaLocation="http://www.loc.gov/MARC21/slim http://www.loc.gov/standards/marcxml/schema/MARC21slim.xsd"
    xmlns="http://www.loc.gov/MARC21/slim">

  <leader>01828nam a2200253 a 4500</leader>
  <controlfield tag="005">20180803165359.0</controlfield>
  <controlfield tag="008">140128b2005    ck ||||| |||| 00| 0 spa d</controlfield>
  <datafield tag="040" ind1=" " ind2=" ">
    <subfield code="c">CO-BoIH</subfield>
  </datafield>
  <datafield tag="041" ind1=" " ind2=" ">
    <subfield code="a">spa</subfield>
  </datafield>
  <datafield tag="044" ind1=" " ind2=" ">
    <subfield code="a">ck</subfield>
  </datafield>
  <datafield tag="090" ind1=" " ind2=" ">
    <subfield code="a">IAVH</subfield>
    <subfield code="b">00870</subfield>
  </datafield>
  <datafield tag="100" ind1=" " ind2=" ">
    <subfield code="a">Benjumea Celem&#xED;n, Fernando</subfield>
    <subfield code="9">5514</subfield>
  </datafield>
  <datafield tag="245" ind1=" " ind2=" ">
    <subfield code="a">Programa de capacitaci&#xF3;n en instrumentos para la gesti&#xF3;n local de los bienes  y servicios de la biodiversidad</subfield>
  </datafield>
  <datafield tag="260" ind1=" " ind2=" ">
    <subfield code="a">Bogot&#xE1;</subfield>
    <subfield code="b">Instituto Alexander von Humboldt</subfield>
    <subfield code="c">2005</subfield>
  </datafield>
  <datafield tag="300" ind1=" " ind2=" ">
    <subfield code="a">28 p.</subfield>
  </datafield>
  <datafield tag="520" ind1=" " ind2=" ">
    <subfield code="a">Propone un programa de capacitaci&#xF3;n en temas relacionados con la Valoraci&#xF3;n Econ&#xF3;mica de bienes y servicios de la biodiversidad y el dise&#xF1;o de instrumentos de pol&#xED;tica para la ordenaci&#xF3;n y gesti&#xF3;n del territorio con criterios de conservaci&#xF3;n y uso sostenible de la biodiversidad. Espec&#xED;ficamente pretende capacitar a tomadores de decisi&#xF3;n en las herramientas de an&#xE1;lisis de la econom&#xED;a ambiental y neo-institucional que permita un mejor entendimiento de la problem&#xE1;tica de uso y conservaci&#xF3;n de los bienes y servicios ambientales de la biodiversidad; desarrollar en los participantes la capacidad de aplicar e interpretar la teor&#xED;a, sus t&#xE9;cnicas y herramientas para dise&#xF1;ar, evaluar, e implementar pol&#xED;ticas e inversiones con criterios de conservaci&#xF3;n y uso sostenible de la biodiversidad y contribuir al dise&#xF1;o metodol&#xF3;gico y experimental del programa de investigaci&#xF3;n a largo plazo para el tema de la ordenaci&#xF3;n (ambiental) del territorio, con especial &#xE9;nfasis en la cuenca del r&#xED;o Campoalegre</subfield>
  </datafield>
  <datafield tag="650" ind1=" " ind2=" ">
    <subfield code="a">Capacitaci&#xF3;n</subfield>
    <subfield code="9">92246</subfield>
  </datafield>
  <datafield tag="650" ind1=" " ind2=" ">
    <subfield code="a">Valoraci&#xF3;n econ&#xF3;mica</subfield>
    <subfield code="9">4196</subfield>
  </datafield>
  <datafield tag="650" ind1=" " ind2=" ">
    <subfield code="a">Bienes y servicios de la biodiversidad</subfield>
    <subfield code="9">5515</subfield>
  </datafield>
  <datafield tag="650" ind1=" " ind2=" ">
    <subfield code="a">Dise&#xF1;o de instrumentos de pol&#xED;tica</subfield>
    <subfield code="9">5516</subfield>
  </datafield>
  <datafield tag="650" ind1=" " ind2=" ">
    <subfield code="a">Ordenaci&#xF3;n y gesti&#xF3;n</subfield>
    <subfield code="9">5517</subfield>
  </datafield>
  <datafield tag="942" ind1=" " ind2=" ">
    <subfield code="c">INFORME</subfield>
    <subfield code="2">z</subfield>
  </datafield>
  <datafield tag="945" ind1=" " ind2=" ">
    <subfield code="d">2008-09-02</subfield>
  </datafield>
  <datafield tag="999" ind1=" " ind2=" ">
    <subfield code="c">6521</subfield>
    <subfield code="d">6521</subfield>
  </datafield>
  <datafield tag="952" ind1=" " ind2=" ">
    <subfield code="0">0</subfield>
    <subfield code="1">0</subfield>
    <subfield code="2">z</subfield>
    <subfield code="4">0</subfield>
    <subfield code="7">0</subfield>
    <subfield code="8">HUMBOLDT</subfield>
    <subfield code="I">INV2017</subfield>
    <subfield code="a">Bogota</subfield>
    <subfield code="b">Bogota</subfield>
    <subfield code="d">2008-09-02</subfield>
    <subfield code="l">0</subfield>
    <subfield code="o">IAVH-00870</subfield>
    <subfield code="p">026338</subfield>
    <subfield code="r">2024-08-09 00:00:00</subfield>
    <subfield code="t">Ej. 1</subfield>
    <subfield code="w">2012-12-04</subfield>
    <subfield code="x">Dep&#xF3;sito Institucional</subfield>
    <subfield code="y">INFORME</subfield>
  </datafield>
</record>
